Models of households' in the Slovak Republic

Na minha lista:
Detalhes bibliográficos
Autor principal: Sodomová, Eva
Outros Autores: Sipková, Ľubica, 1962-, Pacák, Branislav
Formato: Capítulo de Livro
Idioma:inglês
Tags: Adicionar Tag
Sem tags, seja o primeiro a adicionar uma tag!

MARC

LEADER 00000naa$a2200000$$$4500
001 0064151
005 20240502083154.3
041 0 |a eng 
044 |a UA 
245 1 0 |a Models of households' in the Slovak Republic  |c Eva Sodomová, Ľubica Sipková, Branislav Pacák 
100 1 |a Sodomová, Eva 
700 1 |a Sipková, Ľubica, 1962- 
700 1 |a Pacák, Branislav